Bringing the arts into the library
Is your library so engaged in keeping current with technology that it has overlooked bringing the arts into the community? Collaboration with community arts organizations can be a key factor in the success of cultural programming in libraries. Learn about noteworthy and successful programs serving d...
Đã lưu trong:
| 格式: | 圖書 |
|---|---|
| 語言: | Undetermined |
| 出版: |
Chicago
ALA Editions, an imprint of the American Library Association
2014
|
| 主題: | |
| 標簽: |
添加標簽
沒有標簽, 成為第一個標記此記錄!
|
| Thư viện lưu trữ: | Trung tâm Học liệu Trường Đại học Cần Thơ |
|---|
| LEADER | 01034nam a2200217Ia 4500 | ||
|---|---|---|---|
| 001 | CTU_196265 | ||
| 008 | 210402s9999 xx 000 0 und d | ||
| 020 | |c 1489000 | ||
| 082 | |a 021.26 | ||
| 082 | |b B858 | ||
| 245 | 0 | |a Bringing the arts into the library | |
| 245 | 0 | |c edited by Carol Smallwood | |
| 260 | |a Chicago | ||
| 260 | |b ALA Editions, an imprint of the American Library Association | ||
| 260 | |c 2014 | ||
| 520 | |a Is your library so engaged in keeping current with technology that it has overlooked bringing the arts into the community? Collaboration with community arts organizations can be a key factor in the success of cultural programming in libraries. Learn about noteworthy and successful programs serving diverse communities and populations, to get ideas for your own environment | ||
| 650 | |a Libraries,Thư viện | ||
| 650 | |x Cultural programs,Các chương trình văn hóa | ||
| 650 | |z United States,Hoa Kỳ | ||
| 904 | |i Bằng | ||
| 980 | |a Trung tâm Học liệu Trường Đại học Cần Thơ | ||